Un siglo de química / (Registro nro. 7846)

Detalles MARC
000 -CABECERA
Campo de control interno 01714nam a2200241Ia 4500
008 - ELEMENTOS DE LONGITUD FIJA - INFORMACIÓN GENERAL
Campo de control de longitud fija 260220t1963||||xx |||||||||||||| ||spa||
040 ## - FUENTE DE CATALOGACIÓN
Agencia de catalogación original PY-SlUNAC
Idioma de catalogación spa
Convenciones de descripción rda
041 ## - CÓDIGO DE IDIOMA
Código de idioma para texto/pista de sonido o título separado spa
082 ## - NÚMERO DE CLASIFICACIÓN DECIMAL DEWEY
Clasificación Decimal Dewey (CDD) 540
Clasificación Expansiva de Cutter (EC) B34s
100 ## - ASIENTO PRINCIPAL - NOMBRE PERSONAL
Nombre personal Baumler, Ernst
Rol del autor Autor
245 #0 - TÍTULO
Título Un siglo de química /
Mención de responsabilidad por Ernst Baumler [Autor]
264 ## - PIE DE IMPRENTA
Lugar Vienna :
Editorial Econ-Verlag Gmbh,
Año ℗1963.
300 ## - DESCRIPCIÓN FÍSICA
Páginas 400 páginas
520 ## - NOTA DE RESUMEN
Nota de resumen "Un siglo de química" de Ernst Baumler ofrece un análisis exhaustivo de los avances y transformaciones en el campo de la química a lo largo del siglo XX. El autor examina las principales teorías, descubrimientos y figuras clave que han moldeado la disciplina, desde la teoría atómica hasta la química orgánica y física. Baumler también aborda el impacto de la química en la industria, la medicina y el medio ambiente, subrayando su relevancia en la vida cotidiana y en la sociedad contemporánea. A través de un enfoque histórico, el libro ilustra cómo los cambios en la química han influido en otras ciencias y en la tecnología, destacando la interconexión entre el conocimiento científico y su aplicación práctica. La obra no solo sirve como un recurso educativo para estudiantes y profesionales, sino que también invita a la reflexión sobre las implicaciones éticas y sociales de los avances químicos en el mundo moderno, promoviendo una comprensión más amplia de su papel en la cultura y el progreso humano.
653 ## - MATERIA - TÉRMINO TEMÁTICO NO CONTROLADO (PALABRAS CLAVE)
Materia - término temático no controlado (palabras clave) Desarrollo científico
653 ## - MATERIA - TÉRMINO TEMÁTICO NO CONTROLADO (PALABRAS CLAVE)
Materia - término temático no controlado (palabras clave) Historia de la ciencia
653 ## - MATERIA - TÉRMINO TEMÁTICO NO CONTROLADO (PALABRAS CLAVE)
Materia - término temático no controlado (palabras clave) Química
942 ## - ELEMENTOS PERSONALIZADOS (KOHA)
Fecha catalogación 2026/02/17
Tipo de documento Libros
Existencias
Fuente de Clasificacion Colección Ubicacion permanente Biblioteca actual Fecha de Ingreso a la Biblioteca Origen de adquisición Código de ubicación Código de barras Tipo de Item KOHA Nota pública
Dewey Decimal Classification Colección General (CG) Biblioteca e Internet, Facultad de Ciencias Exactas y Naturales Biblioteca e Internet, Facultad de Ciencias Exactas y Naturales 02/20/2026 Donación 540 B34s CG1206 Libros Material disponible en la Biblioteca e Intenet, Campus UNA, San Lorenzo.